American journal of community psychology
| Autores Corporativos: | , |
|---|---|
| Formato: | Electrónico Revista |
| Lenguaje: | inglés |
| Publicado: |
New York :
Kluwer Academic/Plenum Publishers
New York : Springer |
| Materias: | |
| Acceso en línea: | Full text available from Research Library: 12/01/1994 to 09/30/2016 Full text available from Research Library: 01/01/2016 to 06/30/2018 |
MARC
| LEADER | 00000nas a2200000 a 4500 | ||
|---|---|---|---|
| 001 | ssj0007552 | ||
| 003 | WaSeSS | ||
| 005 | 20200512172242.0 | ||
| 006 | m d | ||
| 007 | cr n | ||
| 008 | 000630c19739999nyubx p s 0 0eng c | ||
| 010 | |a 2004233384 | ||
| 015 | |a GBB679420 |2 bnb | ||
| 016 | 7 | |a 0364535 |2 DNLM | |
| 016 | 7 | |a A24045000 |2 DNLM | |
| 016 | 7 | |a 012431971 |2 Uk | |
| 022 | |a 1573-2770 |l 0091-0562 |y 0091-0562 | ||
| 030 | |a AJCPCK | ||
| 035 | |a (WaSeSS)ssj0007552 | ||
| 037 | |b Kluwer Academic-Plenum-Human Sciences Press, 233 Spring Street, New York, NY 10013-1578 | ||
| 040 | |a F#A |b eng |c F#A |d OCLCQ |d GUA |d FQM |d FGA |d OH1 |d MUQ |d OCLCQ |d SERSO |d OCLCQ |d CLU |d MUX |d LGG |d OCLCQ |d OCL |d OCLCQ |d BUF |d OCLCF |d VT2 |d OCLCQ |d NLE |d AU@ |d OCLCO |d DKU |d TOF |d UKMGB |d DCHUA |d WaSeSS | ||
| 042 | |a pcc |a dlr | ||
| 050 | 1 | 4 | |a RA790.A1 |
| 060 | 0 | |a W1 AM45LE | |
| 082 | 0 | 4 | |a 361.0019 |
| 130 | 0 | |a American journal of community psychology (Online) | |
| 210 | 1 | |a Am. j. community psychol. |b (Dordr., Online) | |
| 222 | 0 | |a American journal of community psychology |b (Dordrecht. Online) | |
| 245 | 1 | 0 | |a American journal of community psychology |h [electronic resource]. |
| 260 | |3 1973- : |a New York : |b Kluwer Academic/Plenum Publishers | ||
| 260 | 3 | |3 <2010-> : |a New York : |b Springer | |
| 310 | |a 8 issues a year, |b 2003- | ||
| 321 | |a Bimonthly, |b <1997>-2002 | ||
| 362 | 1 | |a Print began with v. 1 (Jan./Mar. 1973). | |
| 506 | |a License restrictions may limit access. | ||
| 515 | |a Each issue bears a combined numbering, e.g., issue 1/2, 3/4, etc., 2003- | ||
| 538 | |a Master and use copy. Digital master created according to Benchmark for Faithful Digital Reproductions of Monographs and Serials, Version 1. Digital Library Federation, December 2002. |u http://purl.oclc.org/DLF/benchrepro0212 |5 MiAaHDL | ||
| 550 | |a Vols. for <Mar. 1974-> published in association with the Division of Community Psychology of the American Psychological Association. | ||
| 550 | |a Published in association with the Society for Community Research and Action. | ||
| 583 | 1 | |a digitized |c 2010 |h HathiTrust Digital Library |l committed to preserve |5 MiAaHDL |2 pda | |
| 588 | |a Description based on: Vol. 25, issue 1 (Feb. 1997); title from contents screen (publisher's Web site, viewed Mar. 9, 2004). | ||
| 588 | |a Latest issue consulted: Vol. 46, no. 1/2 (Sept 2010) (MetaPress, viewed Sept. 17, 2010). | ||
| 650 | 0 | |a Community psychology |v Periodicals. | |
| 650 | 0 | |a Community mental health services |v Periodicals. | |
| 650 | 0 | |a Community psychiatry |v Periodicals. | |
| 650 | 6 | |a Psychologie communautaire |v Périodiques. | |
| 650 | 7 | |a Community mental health services. |2 fast |0 (OCoLC)fst00871055 | |
| 650 | 7 | |a Community psychiatry. |2 fast |0 (OCoLC)fst00871152 | |
| 650 | 7 | |a Community psychology. |2 fast |0 (OCoLC)fst00871155 | |
| 650 | 1 | 7 | |a Sociale psychologie. |2 gtt |
| 650 | 1 | 7 | |a Maatschappij. |2 gtt |
| 650 | 2 | |a Community Mental Health Services |v Periodicals. | |
| 650 | 2 | |a Community Psychiatry |v Periodicals. | |
| 655 | 0 | |a Electronic journals. | |
| 710 | 2 | |a American Psychological Association. |b Division of Community Psychology. | |
| 710 | 2 | |a Society for Community Research and Action. | |
| 776 | 0 | 8 | |i Print version: |t American journal of community psychology |x 0091-0562 |w (DLC) 75640658 |w (OCoLC)1798402 |
| 856 | 4 | 0 | |z Full text available from Research Library: 12/01/1994 to 09/30/2016 |u https://search.proquest.com/publication/47760 |
| 856 | 4 | 0 | |z Full text available from Research Library: 01/01/2016 to 06/30/2018 |u https://search.proquest.com/publication/47760 |